000 00525nam a2200169Ia 4500
999 _c585
_d585
003 OSt
005 20201223120047.0
008 190216s9999||||xx |||||||||||||| ||und||
040 _coclc
082 _a297.122594812
_bKAR/Q
100 _a Karakunnu, Sheikh Mohammed
_91839
245 0 _aQuran Lalithasaram /
_c Sheikh Mohammed Karakunnu
260 _bDialogue Centre,
_c2003.
_aKozhikode:
300 _a1287p
650 _aIslamic History
942 _cBK
_2ddc
_h297.122594812
_iKAR/Q
_k297.122594812
_mKAR/Q